000 01151nam0a22002651 4500
001 rc\2325482
005 20110829144715.7
035 _a(NLR Aleph) 006580908
090 _a7044626
_c7044626
100 _a20110829d1977 |||y0rusy50 ca
101 0 _arus
102 _aRU
105 _ay z |||||
200 1 _aКомпозиция тетраконхов с круговым обходом в зодчестве Византии и народов Закавказья
_fАН ГССР. Ин-т истории груз. искусства им. Г.Н. Чубинашвили. II Междунар. симпозиум по груз. искусству
210 _aТбилиси
_cМецниереба
_d1977
215 _a8 с.
_d20
700 1 _aМнацаканян
_bС. Х.
_gСтепан Хачатурович
712 1 2 _aМеждународный симпозиум по груз. искусству
_d2
_f1977
_eТбилиси
_3RU\NLR\AUTH\8810165759
801 0 _aRU
_bNLR
_gpsbo
801 1 _aRU
_bELAR
_2rusmarc
852 _aNLR
_j77-4/19431
899 _aRuMoRGB
_jБ 77-36/129
899 _aRuMoRGB
_jБ 77-36/131
942 _cBOOK
980 _aNB